| 000 | 01142nam a22002657a 4500 | ||
|---|---|---|---|
| 005 | 20170124103111.0 | ||
| 010 | _aA-973081 | ||
| 020 |
_c200.00 _a8170556376 |
||
| 035 | _aA-973081 | ||
| 037 | _bCen Lib/Ret | ||
| 040 |
_aDPL _bHN |
||
| 082 |
_a363.34 _bतोमर |
||
| 100 |
_aतोमर, आलोक _979823 |
||
| 245 |
_aएक हरा भरा अकाल / _cआलोक तोमर |
||
| 246 |
_aEk hara bhara akaal / _bby Alok Tomer |
||
| 260 |
_aनयी दिल्ली _bवाणी प्रकाशन _c1999 |
||
| 270 |
_a21 ए दरियागंज _bनयी दिल्ली _e110002 |
||
| 300 |
_a234पृ. _c21सेमी (सजिल्द) |
||
| 500 | _aपरिशिष्ट शामिल | ||
| 650 |
_aअकाल - भारत - कालाहांडी (जिला) _979824 |
||
| 650 |
_aगरीबी - भारत - कालाहांडी (जिला) _979825 |
||
| 650 |
_aFamines -- India -- Kalahandi (District) _979826 |
||
| 650 |
_aPoverty -- India -- Kalahandi (District) _979827 |
||
| 942 |
_2ddc _cHN _h363.34 _mतोमर |
||
| 999 |
_c118379 _d118379 |
||